speed table : 15 - Statistiques

Statistiques générales
  • Ce quiz a été pris 25 fois
    24 depuis la dernière actualisation
  • Le résultat moyen est 34 sur 72
Statistiques - réponses
15 x .. = % Correct
24 360
70%
25 375
70%
68 1020
60%
74 1110
60%
78 1170
60%
83 1245
60%
88 1320
60%
93 1395
60%
94 1410
60%
98 1470
60%
99 1485
60%
26 390
60%
27 405
60%
28 420
60%
34 510
60%
42 630
60%
43 645
60%
53 795
60%
56 840
60%
58 870
60%
59 885
60%
73 1095
50%
77 1155
50%
81 1215
50%
84 1260
50%
85 1275
50%
87 1305
50%
92 1380
50%
96 1440
50%
97 1455
50%
21 315
50%
23 345
50%
33 495
50%
36 540
50%
44 660
50%
46 690
50%
48 720
50%
49 735
50%
52 780
50%
57 855
50%
61 915
50%
66 990
50%
67 1005
40%
69 1035
40%
71 1065
40%
72 1080
40%
75 1125
40%
76 1140
40%
82 1230
40%
86 1290
40%
91 1365
40%
95 1425
40%
22 330
40%
31 465
40%
35 525
40%
38 570
40%
41 615
40%
45 675
40%
47 705
40%
64 960
40%
79 1185
30%
32 480
30%
51 765
30%
54 810
30%
55 825
30%
62 930
30%
63 945
30%
65 975
30%
89 1335
20%
29 435
20%
37 555
20%
39 585
20%
Aucun quiz correspondant
Distribution des résultats
% des personnes avec chaque résultat
Percentile par nombre de réponses
Votre historique - résultats
Vous n’avez pas pris ce quiz depuis la dernière actualisation